Statystyki dla Wyniki Mistrzostw Świata 2018

Kliknij tutaj aby rozwiązać quiz!

Ogólne statystyki

  • Ten quiz został rozwiązany 450 razy
  • Średni wynik to 26 z 32

Odpowiedzi na mapie

Odpowiedzi skodowane kolorowo w zielono-czerwonej skali na mapie do tego quizu, zgodnie z poniższymi procentami.
 

Statystyki odpowiedzi

Drużyna% Poprawnych
Francja
98%
Polska
96%
Rosja
95%
Belgia
94%
Chorwacja
94%
Hiszpania
94%
Argentyna
93%
Japonia
93%
Portugalia
93%
Anglia
91%
Senegal
91%
Brazylia
90%
Kolumbia
90%
Niemcy
90%
Urugwaj
84%
Arabia Saudyjska
82%
Dania
80%
Egipt
80%
Korea Południowa
79%
Maroko
79%
Szwajcaria
79%
Szwecja
79%
Meksyk
78%
Iran
73%
Australia
72%
Panama
72%
Nigeria
71%
Peru
69%
Serbia
69%
Tunezja
67%
Islandia
66%
Kostaryka
63%

Rozkład punktacji

Percentyl według liczby udzielonych odpowiedzi

Procent ludzi z każdym wynikiem

Twoja historia wyników

Nie rozwiązałeś tego quizu